| 000 | 00421nam a2200169Ia 4500 | ||
|---|---|---|---|
| 008 | 230711s9999||||xx |||||||||||||| ||und|| | ||
| 020 | _a978-1-118-45834-1 | ||
| 041 | _aENG | ||
| 082 |
_a690 _bCG-B |
||
| 100 | _aChing,Francis D.K | ||
| 245 | 0 | _aBuilding Construction Illustrated | |
| 250 | _a5th Ed. | ||
| 260 |
_c2014 _aNew Delhi _bJohn Wiley & Sons.Inc |
||
| 300 | _a12.22p. | ||
| 650 | _aArchitecture | ||
| 942 | _cBK | ||
| 999 |
_c6474 _d6474 |
||